000 00981nam a22001937a 4500
999 _c63162
_d63162
003 Ge_BSU
005 20250613112329.0
008 250613s2000 ge ||||| |||| 00| 0 geo d
041 _ageo
080 _a630(479.22) გ-48
100 _aგიგაური, გიორგი
_95991
245 _aსაქართველოს ტყის ბიოლოგიური მრავალფეროვნება /
_cგიორგი გიგაური; რედ. თ. ურუშაძე.
264 _aთბ.,
_c2000.
300 _a160გვ. :
_bსურ. და ნახაზ. ;
_c24სმ.
653 _aსაქართველოს სატყეო მეურნეობა
700 _aურუშაძე, თენგიზ
_eრედაქტორი
_925413
856 _uhttps://dspace.nplg.gov.ge/bitstream/1234/485778/1/SaqartvelosTyisBiologiuriMravalferovneba.pdf
_yელ. ვერსია
942 _2udc
_cᲬᲘᲒᲜᲘ